| 000 | 00751nam a2200229 u 4500 | ||
|---|---|---|---|
| 005 | 20210223131332.0 | ||
| 008 | 100630s2007 r 000 0 eng d | ||
| 020 | _a9789584214140 (13 dígitos) | ||
| 020 | _a9584214144 (10 dígitos) | ||
| 035 | _aUPN01000177111 | ||
| 049 | _aCG | ||
| 050 | 4 |
_aPQ8180.426 O8.3 _bD4.7 |
|
| 100 | 1 |
_aPosada-Swafford, Angela _933210 |
|
| 245 | 1 | 0 |
_aDetectives del ADN / _cAngela Posada-Swafford ; il. por Pedro Villalba Ospina. |
| 260 |
_aBogotá : _bPlaneta, _c2007. |
||
| 300 |
_a186 p. : _bil. + _e1 CD ROM ; 4 3/4 plg. |
||
| 440 | 0 | _aDestino | |
| 500 | _aIncluye 1 CD ROM. Solicítalo en el mostrador de préstamo | ||
| 650 | 4 |
_aADN - _vNOVELA _918326 |
|
| 650 | 4 |
_aGENETICA - _vNOVELA _918325 |
|
| 905 | _aLibro | ||
| 999 |
_c149214 _d149214 |
||